Entre sueǫs utp̤icos y visiones pesimistas : Internet y las tecnologa̕s de la informacin̤ y la comunicacin̤ en la modernizacin̤ de las administraciones pb︢licas ; un anl̀isis de la configuracin̤ de la Administracin̤ Electrn̤ica en la Unin̤ Europea y Espaą (1995-2005) /

Detalles Bibliográficos
Autor principal: Criado, J. Ignacio
Autor Corporativo: Instituto Nacional de Administracin̤ Pb︢lica (Espaą)
Formato: Libro
Lenguaje:español
Publicado: Madrid : Instituto Nacional de Administracin̤ Pb︢lica, 2009
Colección:Estudios y documentos
Materias:
Acceso en línea:Acceso restringido

MARC

LEADER 00000nam a2200000 a 4500
005 20110712103646.0
008 091222s2009 sp ad ||||||s000 0 spa c
020 |a 9788473512862  
035 |a 5523 
040 |d vLex 
090 |c 2212  |d 2212 
100 1 |a Criado, J. Ignacio 
245 1 0 |a Entre sueǫs utp̤icos y visiones pesimistas :  |b Internet y las tecnologa̕s de la informacin̤ y la comunicacin̤ en la modernizacin̤ de las administraciones pb︢licas ; un anl̀isis de la configuracin̤ de la Administracin̤ Electrn̤ica en la Unin̤ Europea y Espaą (1995-2005) /  |c J. Ignacio Criado  |h [Recurso electrn̤ico] 
256 |a Servicio en ln̕ea. 
260 |a Madrid :  |b Instituto Nacional de Administracin̤ Pb︢lica,  |c 2009 
300 |a 588 p. :  |b cuadros, tablas, grf̀. ;  |c 25 cm 
500 |a Incluye annexo 
504 |a Bibliografa̕ 
506 1 |a Contenido solo disponible en los productos indicados  |d vLex Global  |d vLex Global (Academic Edition, excluding Law Schools)  |d vLex Global (U.S. Academic Edition, Law Schools)  |d vLex Global (U.S. Academic Edition, excluding Law Schools)  |d vLex Global (Academic Edition, Law Schools) 
650 0 7 |a Órganos de gobierno  |2 Tesauro vLex 
650 0 7 |a Órganos de autogobierno  |2 Tesauro vLex 
650 0 7 |2 Tesauro vLex  |a Gobierno 
650 0 7 |2 Tesauro vLex  |a Gobierno autonm̤ico 
650 0 7 |2 Tesauro vLex  |a Nuevas tecnologa̕s 
650 0 7 |2 Tesauro vLex  |a Tecnologa̕s de la informacin̤ 
710 2 |a Instituto Nacional de Administracin̤ Pb︢lica (Espaą) 
740 0 |a vLex Libros (Servicio en ln̕ea) 
830 0 |a Estudios y documentos 
856 4 0 |u http://vlex.com/source/entre-suenos-utopicos-visiones-pesimistas-5523  |z Acceso restringido 
942 |c BOOK